000 00656nac a22002051u 4500
008 101007t2002 xxu|||||r|||| 001 0 eng d
010 _a88021884
020 _a8120322118
020 _a9788120322110
082 0 0 _a697.93
_bPIT
_222
100 _aPita, Edward G.
_920161
245 1 0 _aAir Conditioning Principles and Systems :
_bAn Energy Approach /
_cEdward G. Pita.
250 _a4th ed.
260 _aNew Delhi :
_bPrentice Hall of India,
_c2002.
300 _a524 p. :
_bill. ;
_c25 cm.
500 _aIncludes index.
650 0 _aAir conditioning.
_920162
650 0 _aBuildings
_xEnergy conservation.
_920163
942 _cBB
_k697.93PIT
_2ddc
999 _c875
_d875